01128nam a2200241 a 450000100100000000500170001000800410002702000180006804000250008608200170011110000300012824501050015826001230026330000210038649000200040750000730042750000800050050400310058083000270061195201150063895201160075399900170086900003725020200930080235.0120321s2010 ve 000 0 spa d a9789807053082 aDO-SdBNPbspacBNPHU axxxbI681ó1 aIribarren, Mariana96366410aOficio de Alarife :bartesanos de la construcción en la provincia de Caracas /cMariana Iribarren. aCaracas : República Bolivariana de Venezuela :bArchivo General de la Nación,bCentro Nacional de Historia,c2010. a108 p. ;c21 cm.1 aBicentenariov2 aIncluye referencias bibliográficas y notas al pie de las páginas aIncluye datos biográficos de la autora en la solapa de la contracubierta. aBibliografía: p. 101-108 0aBicentenarion2963665 001050718MOaGRbGRcCTd2012-03-21iLF1l0oxxx I681óp37250-10r2020-06-25w2020-06-25y1ZNo se presta 0010507-18MOaGRbGRcOId2012-03-21iLF1l0oxxx I681óp37251-10r2020-06-25w2020-06-25y1ZNo se presta c36740d36740